Statistics for PepsiCo Brands

Click here to take the quiz!

General Stats

  • This quiz has been taken 62 times
  • The average score is 5 of 22

Answer Stats

Brand% Correct
Pepsi
96%
Mountain Dew
55%
Diet Pepsi
45%
7 Up
40%
Pepsi Max
33%
Sierra Mist
27%
Lays
25%
Gatorade
24%
Doritos
18%
Aquafina
16%
Quaker
16%
Fritos
15%
Mirinda
15%
Cheetos
13%
Diet Mountain Dew
13%
Lipton
13%
Tostitos
13%
Tropicana
13%
Brisk
9%
Ruffles
9%
Starbucks Ready-to-Drink Beverages
7%
Walkers
7%

Score Distribution

Percentile by Number Answered

Percent of People with Each Score

Your Score History

You have not taken this quiz